00912nam a22002537a 450000100060000000300060000600500170001200800410002902000180007004000290008805000080011708200100012510000300013524500500016526000490021530000420026449000420030650500070034852002150035552100270057052100180059765000220061565000210063710137FISKH20260428083917.0260424b cb ||||| |||| 00| 0 eng d a9780462004730 aFISKHbengcFISKHdFISKH aPZ7 a591.7 aWhitehorn, Caleb eAuthor aGarden animals /cWritten by Caleb Whitehorn  aLondon :bMarshall Cavendish Limited ,c2008 a16 pages :bphotographs ;c16 x 19 cm aMy pals are here! Reading stars :v5b aG  aThe story introduces different animals that can be found in a garden and observe these animals and learns about them. It focuses on simple descriptions and helps young readers recognize common garden creatures.8 a350 bLexile estimate 8 aG bRaz-Plus  aGarden vAnimals  aInsects vNature